5HLuxD.jpg

KING HENRY VIII SENIOR AND PRIMARY SCHOOL LIBRARY OPAC

85 years of great writing in Time : (Record no. 4455)

000 -LEADER
fixed length control field 01431cam a2200373 a 4500
001 - CONTROL NUMBER
control field 15467463
003 - CONTROL NUMBER IDENTIFIER
control field OSt
005 - DATE AND TIME OF LATEST TRANSACTION
control field 20250221084709.0
008 - FIXED-LENGTH DATA ELEMENTS--GENERAL INFORMATION
fixed length control field 080929s2008 nyuaf 000 edeng d
010 ## - LIBRARY OF CONGRESS CONTROL NUMBER
LC control number 2007909111
020 ## - INTERNATIONAL STANDARD BOOK NUMBER
International Standard Book Number 9781603200189
020 ## - INTERNATIONAL STANDARD BOOK NUMBER
International Standard Book Number 1603200185
035 ## - SYSTEM CONTROL NUMBER
System control number (OCoLC)ocn181603309
040 ## - CATALOGING SOURCE
Original cataloging agency BTCTA
Transcribing agency BTCTA
Modifying agency BAKER
-- OCP
-- VP@
-- DLC
-- KH8
042 ## - AUTHENTICATION CODE
Authentication code lccopycat
043 ## - GEOGRAPHIC AREA CODE
Geographic area code n-us---
045 ## - TIME PERIOD OF CONTENT
Time period code x2y0
082 ## - DEWEY DECIMAL CLASSIFICATION NUMBER
Classification number 688 YEA
130 ## - MAIN ENTRY--UNIFORM TITLE
Uniform title 85 Years of Great Writing
245 00 - TITLE STATEMENT
Title 85 years of great writing in Time :
Remainder of title 1923-2008 /
Statement of responsibility, etc. edited by Christopher Porterfield.
246 3# - VARYING FORM OF TITLE
Title proper/short title Eighty-five years of great writing in Time
246 18 - VARYING FORM OF TITLE
Title proper/short title Time :
Remainder of title 85 years of great writing
260 ## - PUBLICATION, DISTRIBUTION, ETC.
Place of publication, distribution, etc. New York :
Name of publisher, distributor, etc. Time Books,
Date of publication, distribution, etc. c2008.
300 ## - PHYSICAL DESCRIPTION
Extent 560 p., [16] p. of plates :
Other physical details ill. (some col.) ;
Dimensions 24 cm.
505 0# - FORMATTED CONTENTS NOTE
Formatted contents note The national experience -- The global arena -- War zones -- All business -- The arts scene -- Frontiers of science and medicine -- The social fabric -- Persons of the year.
650 #0 - SUBJECT ADDED ENTRY--TOPICAL TERM
Topical term or geographic name entry element American essays
Chronological subdivision 20th century.
650 #0 - SUBJECT ADDED ENTRY--TOPICAL TERM
Topical term or geographic name entry element American essays
Chronological subdivision 21st century.
650 #0 - SUBJECT ADDED ENTRY--TOPICAL TERM
Topical term or geographic name entry element Journalism
Geographic subdivision United States.
700 1# - ADDED ENTRY--PERSONAL NAME
Personal name Porterfield, Christopher,
Relator term editor.
730 0# - ADDED ENTRY--UNIFORM TITLE
Uniform title Time.
906 ## - LOCAL DATA ELEMENT F, LDF (RLIN)
a 7
b cbc
c copycat
d 2
e epcn
f 20
g y-gencatlg
942 ## - ADDED ENTRY ELEMENTS (KOHA)
Source of classification or shelving scheme
Koha item type Books - Non Ficton
Holdings
Withdrawn status Lost status Source of classification or shelving scheme Damaged status Not for loan Collection code Permanent Location Current Location Shelving location Date acquired Full call number Barcode Date last seen Price effective from Koha item type
          Non-Fiction KH8 Senior School Library KH8 Senior School Library Non Fiction 2025-02-21 688 YEA 3KHSL000102204 2025-02-21 2025-02-21 Books - Non Ficton

Powered By KH8 IT Dept